[Event "Deutsche Ländermeisterschaft 2025"]
[Site "Oer-Erkenschwick GER"]
[Date "2025.10.05"]
[Round "7"]
[White "Shevchenko, Igor"]
[Black "Schirmbeck, Lilian"]
[Result "0-1"]
[Termination "normal"]
[Board "1.6"]
[BlackTitle "WCM"]
[WhiteElo "1985"]
[BlackElo "1927"]
[WhiteClock "01:29:26"]
[BlackClock "01:18:51"]
[WhiteTeam "Sachsen-Anhalt"]
[BlackTeam "Nordrhein-Westfalen 1"]
[PlyCount "86"]
[WhiteFideId "34634924"]
[BlackFideId "34620532"]
[EventCountry "GER"]
[EventRounds "7"]
[EventType "team-swiss"]
[EventDate "2025.09.30"]

1. d4 {[%clk 01:29:26]} Nf6 {[%clk 01:18:51]} 2. c4 {[%clk 01:29:26]} e6 {[%clk
01:18:51]} 3. Nc3 {[%clk 01:29:26]} Bb4 {[%clk 01:18:51]} 4. e3 {[%clk
01:29:26]} O-O {[%clk 01:18:51]} 5. Bd3 {[%clk 01:29:26]} d5 {[%clk 01:18:51]}
6. Nf3 {[%clk 01:29:26]} c5 {[%clk 01:18:51]} 7. O-O {[%clk 01:29:26]} cxd4
{[%clk 01:18:51]} 8. exd4 {[%clk 01:29:26]} dxc4 {[%clk 01:18:51]} 9. Bxc4
{[%clk 01:29:26]} h6 {[%clk 01:18:51]} 10. a3 {[%clk 01:29:26]} Bxc3 {[%clk
01:18:51]} 11. bxc3 {[%clk 01:29:26]} Nc6 {[%clk 01:18:51]} 12. Re1 {[%clk
01:29:26]} b6 {[%clk 01:18:51]} 13. Qd3 {[%clk 01:29:26]} Bb7 {[%clk 01:18:51]}
14. Ba2 {[%clk 01:29:26]} Rc8 {[%clk 01:18:51]} 15. Bf4 {[%clk 01:29:26]} Ne7
{[%clk 01:18:51]} 16. Ne5 {[%clk 01:29:26]} Nfd5 {[%clk 01:18:51]} 17. Bd2
{[%clk 01:29:26]} Nf5 {[%clk 01:18:51]} 18. Bb1 {[%clk 01:29:26]} Nf6 {[%clk
01:18:51]} 19. f3 {[%clk 01:29:26]} Qd6 {[%clk 01:18:51]} 20. g4 {[%clk
01:29:26]} Ne7 {[%clk 01:18:51]} 21. Bf4 {[%clk 01:29:26]} Ned5 {[%clk
01:18:51]} 22. Bd2 {[%clk 01:29:26]} Rfe8 {[%clk 01:18:51]} 23. h4 {[%clk
01:29:26]} g6 {[%clk 01:18:51]} 24. c4 {[%clk 01:29:26]} Ba6 {[%clk 01:18:51]}
25. Kg2 {[%clk 01:29:26]} Qc7 {[%clk 01:18:51]} 26. Ba2 {[%clk 01:29:26]} h5
{[%clk 01:18:51]} 27. g5 {[%clk 01:29:26]} Nh7 {[%clk 01:18:51]} 28. Rac1
{[%clk 01:29:26]} Ne7 {[%clk 01:18:51]} 29. Re4 {[%clk 01:29:26]} Nf5 {[%clk
01:18:51]} 30. Bc3 {[%clk 01:29:26]} Red8 {[%clk 01:18:51]} 31. Bb2 {[%clk
01:29:26]} Qd6 {[%clk 01:18:51]} 32. Qe2 {[%clk 01:29:26]} Bb7 {[%clk
01:18:51]} 33. Rf4 {[%clk 01:29:26]} Nf8 {[%clk 01:18:51]} 34. Bb1 {[%clk
01:29:26]} Nd7 {[%clk 01:18:51]} 35. d5 {[%clk 01:29:26]} Bxd5 {[%clk
01:18:51]} 36. Rd1 {[%clk 01:29:26]} Nxe5 {[%clk 01:18:51]} 37. cxd5 {[%clk
01:29:26]} Nd3 {[%clk 01:18:51]} 38. Rxf5 {[%clk 01:29:26]} Nxb2 {[%clk
01:18:51]} 39. Qxb2 {[%clk 01:29:26]} exf5 {[%clk 01:18:51]} 40. Rd4 {[%clk
01:29:26]} Rc5 {[%clk 01:18:51]} 41. Ba2 {[%clk 01:29:26]} Rdc8 {[%clk
01:18:51]} 42. Bb3 {[%clk 01:29:26]} Rc3 {[%clk 01:18:51]} 43. f4 {[%clk
01:29:26]} Qc5 {[%clk 01:18:51]} 0-1

[Event "Deutsche Ländermeisterschaft 2025"]
[Site "Oer-Erkenschwick GER"]
[Date "2025.10.05"]
[Round "7"]
[White "Shynkar, Daria"]
[Black "Rössling, Laura Marie"]
[Result "1-0"]
[Termination "normal"]
[Board "1.7"]
[WhiteElo "1922"]
[BlackElo "1752"]
[WhiteClock "01:06:27"]
[BlackClock "00:30:09"]
[WhiteTeam "Nordrhein-Westfalen 1"]
[BlackTeam "Sachsen-Anhalt"]
[PlyCount "83"]
[WhiteFideId "34163212"]
[BlackFideId "16289471"]
[EventCountry "GER"]
[EventRounds "7"]
[EventType "team-swiss"]
[EventDate "2025.09.30"]

1. d4 {[%clk 01:30:59]} {[%emt 00:00:01]} Nf6 {[%clk 01:30:49]} {[%emt
00:00:11]} 2. c4 {[%emt 00:00:10]} e6 {[%clk 01:31:08]} {[%emt 00:00:09]} 3.
Nc3 {[%clk 01:31:48]} {[%emt 00:00:04]} Bb4 {[%clk 01:31:23]} {[%emt 00:00:15]}
4. e3 {[%clk 01:32:11]} {[%emt 00:00:07]} O-O {[%clk 01:31:29]} {[%emt
00:00:23]} 5. Bd2 {[%clk 01:32:37]} {[%emt 00:00:04]} d5 {[%clk 01:29:34]}
{[%emt 00:02:25]} 6. Nf3 {[%clk 01:31:50]} {[%emt 00:01:18]} c6 {[%clk
01:21:04]} {[%emt 00:09:01]} 7. Rc1 {[%clk 01:30:53]} {[%emt 00:01:26]} Nbd7
{[%clk 01:18:17]} {[%emt 00:03:19]} 8. Bd3 {[%clk 01:30:06]} {[%emt 00:01:14]}
dxc4 {[%clk 01:13:44]} {[%emt 00:05:03]} 9. Bxc4 {[%clk 01:30:28]} {[%emt
00:00:08]} c5 {[%clk 01:09:05]} {[%emt 00:05:10]} 10. a3 {[%clk 01:29:43]}
{[%emt 00:01:15]} cxd4 {[%clk 01:00:48]} {[%emt 00:08:47]} 11. exd4 {[%clk
01:29:50]} {[%emt 00:00:23]} Bxc3 {[%clk 01:00:53]} {[%emt 00:00:25]} 12. Bxc3
{[%clk 01:29:00]} {[%emt 00:01:19]} Nb6 {[%clk 00:55:15]} {[%emt 00:06:08]} 13.
Ba2 {[%clk 01:28:10]} {[%emt 00:01:20]} Nbd5 {[%clk 00:54:57]} {[%emt
00:00:48]} 14. O-O {[%clk 01:25:53]} {[%emt 00:02:47]} b6 {[%clk 00:52:21]}
{[%emt 00:03:07]} 15. Ne5 {[%clk 01:21:06]} {[%emt 00:05:15]} Bb7 {[%clk
00:50:02]} {[%emt 00:02:49]} 16. Re1 {[%clk 01:19:33]} {[%emt 00:02:03]} Rc8
{[%clk 00:46:13]} {[%emt 00:04:20]} 17. f3 {[%clk 01:18:23]} {[%emt 00:01:40]}
a6 {[%clk 00:38:32]} {[%emt 00:08:11]} 18. Bb1 {[%clk 01:16:09]} {[%emt
00:02:43]} b5 {[%clk 00:34:36]} {[%emt 00:04:26]} 19. Qd3 {[%clk 01:13:43]}
{[%emt 00:02:56]} Nf4 {[%clk 00:31:08]} {[%emt 00:03:57]} 20. Qd2 {[%clk
01:13:38]} {[%emt 00:00:34]} Ng6 {[%clk 00:30:48]} {[%emt 00:00:52]} 21. Bb4
{[%clk 01:10:44]} {[%emt 00:03:24]} Re8 {[%clk 00:28:54]} {[%emt 00:02:25]} 22.
Rxc8 {[%clk 01:10:15]} {[%emt 00:00:59]} Qxc8 {[%clk 00:28:04]} {[%emt
00:01:19]} 23. Rc1 {[%clk 01:10:24]} {[%emt 00:00:21]} Qa8 {[%clk 00:25:12]}
{[%emt 00:03:20]} 24. Bxg6 {[%clk 01:09:19]} {[%emt 00:01:37]} fxg6 {[%clk
00:20:16]} {[%emt 00:05:26]} 25. Qg5 {[%clk 01:01:01]} {[%emt 00:08:47]} a5
{[%clk 00:17:25]} {[%emt 00:03:22]} 26. Bc5 {[%clk 00:59:39]} {[%emt 00:01:51]}
Bd5 {[%clk 00:15:37]} {[%emt 00:02:16]} 27. Re1 {[%clk 00:56:10]} {[%emt
00:04:01]} Qb7 {[%clk 00:12:55]} {[%emt 00:03:13]} 28. Nd3 {[%clk 00:54:56]}
{[%emt 00:01:43]} Bc4 {[%clk 00:09:15]} {[%emt 00:04:11]} 29. Nf2 {[%clk
00:52:31]} {[%emt 00:02:54]} b4 {[%clk 00:08:13]} {[%emt 00:01:33]} 30. axb4
{[%clk 00:47:09]} {[%emt 00:05:53]} axb4 {[%clk 00:07:47]} {[%emt 00:00:55]}
31. Ra1 {[%clk 00:46:39]} {[%emt 00:01:00]} Qb5 {[%clk 00:06:45]} {[%emt
00:01:28]} 32. Qe5 {[%clk 00:37:27]} {[%emt 00:09:47]} Nd7 {[%clk 00:05:35]}
{[%emt 00:01:40]} 33. Qc7 {[%emt 00:00:59]} Nxc5 {[%clk 00:04:45]} {[%emt
00:01:17]} 34. dxc5 {[%clk 00:37:28]} {[%emt 00:00:02]} Qb8 {[%clk 00:04:01]}
{[%emt 00:01:15]} 35. Ra7 {[%clk 00:37:56]} {[%emt 00:00:02]} Qxc7 {[%clk
00:04:08]} {[%emt 00:00:22]} 36. Rxc7 {[%clk 00:38:25]} {[%emt 00:00:02]} Bd5
{[%clk 00:03:52]} {[%emt 00:00:46]} 37. Ne4 {[%clk 00:37:38]} {[%emt 00:01:16]}
Rb8 {[%clk 00:01:45]} {[%emt 00:02:37]} 38. Nd6 {[%clk 00:37:13]} {[%emt
00:00:56]} b3 {[%clk 00:01:30]} {[%emt 00:00:44]} 39. c6 {[%clk 00:36:11]}
{[%emt 00:01:32]} Kf8 {[%clk 00:00:53]} {[%emt 00:01:08]} 40. Rf7+ {[%clk
00:36:30]} {[%emt 00:00:10]} Kg8 {[%clk 00:01:14]} {[%emt 00:00:09]} 41. c7
{[%clk 00:36:10]} {[%emt 00:00:50]} Ra8 {[%clk 00:30:09]} {[%emt 00:01:33]} 42.
Rd7 {[%clk 01:06:27]} {[%emt 00:00:16]} 1-0

[Event "Deutsche Ländermeisterschaft 2025"]
[Site "Oer-Erkenschwick GER"]
[Date "2025.10.05"]
[Round "7"]
[White "Nunez Grégoire, Daniel"]
[Black "Atoyan, Alberto"]
[Result "1/2-1/2"]
[Termination "normal"]
[Board "2.1"]
[BlackTitle "CM"]
[WhiteElo "2245"]
[BlackElo "2302"]
[WhiteClock "00:33:17"]
[BlackClock "00:22:54"]
[WhiteTeam "Württemberg"]
[BlackTeam "Bayern"]
[PlyCount "83"]
[WhiteFideId "34627103"]
[BlackFideId "13314831"]
[EventCountry "GER"]
[EventRounds "7"]
[EventType "team-swiss"]
[EventDate "2025.09.30"]

1. d4 {[%clk 01:30:59]} Nf6 {[%clk 01:30:53]} {[%emt 00:00:08]} 2. c4 {[%clk
01:31:22]} {[%emt 00:00:06]} e6 {[%clk 01:31:16]} {[%emt 00:00:08]} 3. Nc3
{[%clk 01:31:49]} {[%emt 00:00:04]} d5 {[%clk 01:31:41]} {[%emt 00:00:06]} 4.
cxd5 {[%clk 01:32:01]} {[%emt 00:00:17]} exd5 {[%clk 01:32:01]} {[%emt
00:00:10]} 5. Bg5 {[%clk 01:32:24]} {[%emt 00:00:06]} c6 {[%clk 01:32:07]}
{[%emt 00:00:24]} 6. e3 {[%clk 01:32:46]} {[%emt 00:00:07]} Be7 {[%clk
01:32:09]} {[%emt 00:00:28]} 7. Bd3 {[%clk 01:32:32]} {[%emt 00:00:45]} O-O
{[%clk 01:32:22]} {[%emt 00:00:16]} 8. Qc2 {[%clk 01:32:36]} {[%emt 00:00:27]}
Nbd7 {[%clk 01:31:06]} {[%emt 00:01:46]} 9. Nf3 {[%clk 01:32:39]} {[%emt
00:00:28]} Re8 {[%clk 01:29:27]} {[%emt 00:02:08]} 10. O-O {[%clk 01:32:36]}
{[%emt 00:00:33]} h6 {[%clk 01:25:39]} {[%emt 00:04:19]} 11. Bh4 {[%clk
01:32:02]} {[%emt 00:01:03]} Ne4 {[%clk 01:24:15]} {[%emt 00:01:54]} 12. Bxe4
{[%clk 01:31:10]} {[%emt 00:01:21]} Bxh4 {[%clk 01:20:30]} {[%emt 00:04:15]}
13. Bh7+ {[%clk 01:31:32]} {[%emt 00:00:09]} Kh8 {[%clk 01:20:45]} {[%emt
00:00:14]} 14. Nxh4 {[%clk 01:32:01]} {[%emt 00:00:02]} Qxh4 {[%clk 01:21:14]}
15. Bd3 {[%clk 01:32:22]} {[%emt 00:00:09]} Qe7 {[%clk 01:12:15]} {[%emt
00:09:29]} 16. Rab1 {[%clk 01:32:05]} {[%emt 00:00:47]} a5 {[%clk 01:11:30]}
{[%emt 00:01:15]} 17. Rfc1 {[%clk 01:26:13]} {[%emt 00:06:22]} Nf6 {[%clk
00:51:38]} {[%emt 00:20:22]} 18. Na4 {[%clk 01:22:47]} {[%emt 00:03:55]} Be6
{[%clk 00:44:11]} {[%emt 00:07:57]} 19. a3 {[%clk 01:09:07]} {[%emt 00:14:11]}
Nd7 {[%clk 00:39:57]} {[%emt 00:04:44]} 20. Qb3 {[%clk 01:03:23]} {[%emt
00:06:15]} b5 {[%clk 00:33:00]} {[%emt 00:07:27]} 21. Nc5 {[%clk 01:02:56]}
{[%emt 00:00:57]} a4 {[%clk 00:33:04]} {[%emt 00:00:26]} 22. Qc2 {[%clk
01:00:11]} {[%emt 00:03:15]} Nxc5 {[%clk 00:32:32]} {[%emt 00:01:02]} 23. Qxc5
{[%clk 01:00:11]} {[%emt 00:00:29]} Qxc5 {[%clk 00:32:29]} {[%emt 00:00:33]}
24. Rxc5 {[%clk 01:00:40]} {[%emt 00:00:01]} Bd7 {[%clk 00:32:50]} {[%emt
00:00:09]} 25. h4 {[%clk 00:54:13]} {[%emt 00:06:57]} f5 {[%clk 00:19:13]}
{[%emt 00:14:07]} 26. h5 {[%clk 00:48:40]} {[%emt 00:06:03]} Kg8 {[%clk
00:19:34]} {[%emt 00:00:09]} 27. Kf1 {[%clk 00:46:12]} {[%emt 00:02:57]} Re7
{[%clk 00:17:21]} {[%emt 00:02:43]} 28. g3 {[%clk 00:45:55]} {[%emt 00:00:47]}
Kf7 {[%clk 00:15:27]} {[%emt 00:02:24]} 29. Ke1 {[%clk 00:44:57]} {[%emt
00:01:29]} Ke6 {[%clk 00:15:05]} {[%emt 00:00:53]} 30. Kd2 {[%clk 00:41:13]}
{[%emt 00:04:13]} Kd6 {[%clk 00:15:30]} {[%emt 00:00:05]} 31. Kc3 {[%clk
00:40:14]} {[%emt 00:01:29]} Rb8 {[%clk 00:13:20]} {[%emt 00:02:41]} 32. Kb4
{[%clk 00:39:10]} {[%emt 00:01:33]} Kc7 {[%clk 00:12:59]} {[%emt 00:00:51]} 33.
Rbc1 {[%clk 00:32:15]} {[%emt 00:07:26]} Kb6 {[%clk 00:11:52]} {[%emt
00:01:36]} 34. Bc2 {[%clk 00:28:46]} {[%emt 00:03:59]} Ra8 {[%clk 00:09:00]}
{[%emt 00:03:22]} 35. Rc3 {[%clk 00:24:05]} {[%emt 00:05:11]} Rf7 {[%clk
00:08:04]} {[%emt 00:01:27]} 36. b3 {[%clk 00:17:43]} {[%emt 00:06:52]} axb3
{[%clk 00:08:23]} {[%emt 00:00:10]} 37. Bxb3 {[%clk 00:18:04]} {[%emt
00:00:09]} Be8 {[%clk 00:06:52]} {[%emt 00:02:01]} 38. a4 {[%clk 00:16:37]}
{[%emt 00:01:57]} bxa4 {[%clk 00:06:34]} {[%emt 00:00:48]} 39. Bxa4 {[%clk
00:16:11]} {[%emt 00:00:56]} Rf6 {[%clk 00:05:07]} {[%emt 00:01:57]} 40. Rc5
{[%clk 00:13:02]} {[%emt 00:03:38]} Rd6 {[%clk 00:03:32]} {[%emt 00:02:05]} 41.
Bd1 {[%clk 00:07:31]} {[%emt 00:06:02]} Rdd8 {[%clk 00:22:54]} {[%emt
00:11:08]} 42. Kc3 {[%clk 00:33:17]} {[%emt 00:04:44]} 1/2-1/2

[Event "Deutsche Ländermeisterschaft 2025"]
[Site "Oer-Erkenschwick GER"]
[Date "2025.10.05"]
[Round "7"]
[White "Mohylnyi, Stepan"]
[Black "Yasmo, Daniil"]
[Result "0-1"]
[Termination "normal"]
[Board "2.2"]
[WhiteTitle "FM"]
[WhiteElo "2275"]
[BlackElo "2095"]
[WhiteClock "00:06:22"]
[BlackClock "00:18:43"]
[WhiteTeam "Bayern"]
[BlackTeam "Württemberg"]
[PlyCount "60"]
[WhiteFideId "34127836"]
[BlackFideId "14199165"]
[EventCountry "GER"]
[EventRounds "7"]
[EventType "team-swiss"]
[EventDate "2025.09.30"]

1. e4 {[%clk 01:30:58]} {[%emt 00:00:01]} e5 {[%clk 01:30:57]} {[%emt
00:00:03]} 2. Nf3 {[%clk 01:31:16]} {[%emt 00:00:12]} Nc6 {[%clk 01:31:23]}
{[%emt 00:00:04]} 3. d4 {[%clk 01:31:32]} {[%emt 00:00:14]} exd4 {[%clk
01:31:49]} {[%emt 00:00:04]} 4. Nxd4 {[%clk 01:31:59]} {[%emt 00:00:03]} Qf6
{[%clk 01:31:59]} {[%emt 00:00:20]} 5. Be3 {[%clk 01:31:10]} {[%emt 00:01:20]}
Bc5 {[%clk 01:32:14]} {[%emt 00:00:15]} 6. c3 {[%clk 01:31:33]} {[%emt
00:00:06]} Nge7 {[%clk 01:32:10]} {[%emt 00:00:34]} 7. Bc4 {[%clk 01:31:45]}
{[%emt 00:00:19]} Ne5 {[%clk 01:32:24]} {[%emt 00:00:16]} 8. Be2 {[%clk
01:32:11]} {[%emt 00:00:04]} Qg6 {[%clk 01:31:17]} {[%emt 00:01:37]} 9. O-O
{[%clk 01:30:16]} {[%emt 00:02:25]} d6 {[%clk 01:28:35]} {[%emt 00:03:12]} 10.
Nd2 {[%clk 01:24:04]} {[%emt 00:06:42]} Bh3 {[%clk 01:23:33]} {[%emt 00:05:31]}
11. Bf3 {[%clk 01:24:28]} {[%emt 00:00:07]} h5 {[%clk 01:18:11]} {[%emt
00:05:52]} 12. Kh1 {[%clk 01:08:52]} {[%emt 00:16:05]} Nxf3 {[%clk 01:10:36]}
{[%emt 00:08:05]} 13. Qxf3 {[%clk 01:07:12]} {[%emt 00:02:10]} Bg4 {[%clk
01:10:58]} {[%emt 00:00:08]} 14. Qf4 {[%clk 01:07:33]} {[%emt 00:00:09]} a6
{[%clk 01:07:17]} {[%emt 00:04:11]} 15. h3 {[%clk 01:02:41]} {[%emt 00:05:22]}
Bd7 {[%clk 01:07:33]} {[%emt 00:00:13]} 16. Qh4 {[%clk 01:02:35]} {[%emt
00:00:35]} f6 {[%clk 01:00:05]} {[%emt 00:07:58]} 17. b4 {[%clk 00:53:49]}
{[%emt 00:09:16]} Ba7 {[%clk 01:00:30]} {[%emt 00:00:04]} 18. f4 {[%clk
00:49:17]} {[%emt 00:05:03]} d5 {[%clk 00:51:11]} {[%emt 00:09:50]} 19. exd5
{[%clk 00:47:15]} {[%emt 00:02:31]} Bxd4 {[%clk 00:50:10]} {[%emt 00:01:31]}
20. Bxd4 {[%clk 00:46:09]} {[%emt 00:01:36]} O-O-O {[%clk 00:50:27]} {[%emt
00:00:13]} 21. Qf2 {[%clk 00:43:32]} {[%emt 00:03:06]} Nxd5 {[%clk 00:49:52]}
{[%emt 00:01:06]} 22. a4 {[%clk 00:33:54]} {[%emt 00:10:09]} Rhe8 {[%clk
00:45:52]} {[%emt 00:04:28]} 23. f5 {[%clk 00:29:25]} {[%emt 00:05:01]} Qg5
{[%clk 00:46:16]} {[%emt 00:00:04]} 24. b5 {[%clk 00:29:17]} {[%emt 00:00:39]}
a5 {[%clk 00:36:21]} {[%emt 00:10:25]} 25. b6 {[%clk 00:22:55]} {[%emt
00:06:53]} Nxb6 {[%clk 00:33:35]} {[%emt 00:03:16]} 26. Bxb6 {[%clk 00:14:09]}
{[%emt 00:09:16]} cxb6 {[%clk 00:33:56]} {[%emt 00:00:08]} 27. Nc4 {[%clk
00:13:42]} {[%emt 00:00:58]} Bc6 {[%clk 00:33:21]} {[%emt 00:01:05]} 28. Nxb6+
{[%clk 00:13:24]} {[%emt 00:00:48]} Kc7 {[%clk 00:23:32]} {[%emt 00:10:18]} 29.
Ra2 {[%clk 00:08:02]} {[%emt 00:05:53]} Rd3 {[%clk 00:21:42]} {[%emt 00:02:20]}
30. Kh2 {[%clk 00:06:22]} {[%emt 00:02:10]} h4 {[%clk 00:18:43]} {[%emt
00:03:29]} 0-1

[Event "Deutsche Ländermeisterschaft 2025"]
[Site "Oer-Erkenschwick GER"]
[Date "2025.10.05"]
[Round "7"]
[White "Ensslinger, Colin"]
[Black "Logvinov, Petro"]
[Result "1/2-1/2"]
[Termination "normal"]
[Board "2.3"]
[BlackTitle "FM"]
[WhiteElo "2095"]
[BlackElo "2166"]
[WhiteClock "00:24:13"]
[BlackClock "00:02:03"]
[WhiteTeam "Württemberg"]
[BlackTeam "Bayern"]
[PlyCount "97"]
[WhiteFideId "16226011"]
[BlackFideId "14176661"]
[EventCountry "GER"]
[EventRounds "7"]
[EventType "team-swiss"]
[EventDate "2025.09.30"]

1. d4 {[%clk 01:30:53]} {[%emt 00:00:06]} Nf6 {[%clk 01:30:54]} {[%emt
00:00:07]} 2. c4 {[%clk 01:31:18]} {[%emt 00:00:05]} g6 {[%clk 01:30:23]}
{[%emt 00:01:01]} 3. Nc3 {[%clk 01:31:21]} {[%emt 00:00:26]} Bg7 {[%clk
01:30:47]} {[%emt 00:00:06]} 4. e4 {[%clk 01:31:09]} {[%emt 00:00:43]} d6
{[%clk 01:31:11]} {[%emt 00:00:06]} 5. Nf3 {[%emt 00:03:35]} O-O {[%clk
01:28:38]} {[%emt 00:00:45]} 6. Bd3 {[%clk 01:29:54]} {[%emt 00:01:02]} Bg4
{[%clk 01:25:05]} {[%emt 00:04:06]} 7. Be2 {[%clk 01:29:57]} {[%emt 00:00:28]}
c5 {[%clk 01:18:15]} {[%emt 00:07:22]} 8. d5 {[%clk 01:28:25]} {[%emt
00:02:03]} e6 {[%clk 01:18:21]} {[%emt 00:00:24]} 9. O-O {[%clk 01:27:51]}
{[%emt 00:01:05]} exd5 {[%clk 01:18:44]} {[%emt 00:00:07]} 10. exd5 {[%clk
01:28:07]} {[%emt 00:00:14]} Re8 {[%clk 01:17:29]} {[%emt 00:01:45]} 11. Be3
{[%clk 01:25:32]} {[%emt 00:03:05]} Nbd7 {[%clk 01:12:11]} {[%emt 00:05:48]}
12. Nd2 {[%clk 01:24:30]} {[%emt 00:01:33]} Bxe2 {[%clk 01:11:50]} {[%emt
00:00:52]} 13. Qxe2 {[%clk 01:24:42]} {[%emt 00:00:17]} Nh5 {[%clk 01:01:43]}
{[%emt 00:10:38]} 14. Qd1 {[%clk 01:10:26]} {[%emt 00:14:46]} Ne5 {[%clk
00:56:39]} {[%emt 00:05:34]} 15. Qc2 {[%clk 01:04:57]} {[%emt 00:05:59]} Ng4
{[%clk 00:56:18]} {[%emt 00:00:51]} 16. Rae1 {[%clk 01:04:49]} {[%emt
00:00:39]} f5 {[%clk 00:53:10]} {[%emt 00:03:37]} 17. Nf3 {[%clk 01:03:58]}
{[%emt 00:01:22]} Nxe3 {[%clk 00:53:34]} {[%emt 00:00:06]} 18. fxe3 {[%clk
01:03:26]} {[%emt 00:01:01]} Nf6 {[%clk 00:35:17]} {[%emt 00:18:47]} 19. Ng5
{[%clk 00:55:25]} {[%emt 00:08:32]} Nxd5 {[%clk 00:30:44]} {[%emt 00:05:02]}
20. Nxd5 {[%clk 00:55:41]} {[%emt 00:00:14]} Qxg5 {[%clk 00:31:09]} {[%emt
00:00:05]} 21. Nc7 {[%clk 00:55:55]} {[%emt 00:00:16]} Rac8 {[%clk 00:21:46]}
{[%emt 00:09:54]} 22. Nxe8 {[%clk 00:55:39]} {[%emt 00:00:46]} Rxe8 {[%clk
00:22:14]} {[%emt 00:00:01]} 23. e4 {[%clk 00:53:52]} {[%emt 00:02:17]} Be5
{[%clk 00:18:50]} {[%emt 00:03:54]} 24. Kh1 {[%clk 00:18:50]} {[%emt 00:35:32]}
Qh4 {[%clk 00:16:53]} {[%emt 00:02:27]} 25. g4 {[%clk 00:16:27]} {[%emt
00:02:53]} fxg4 {[%clk 00:15:56]} {[%emt 00:01:27]} 26. Qg2 {[%clk 00:14:33]}
{[%emt 00:02:24]} g3 {[%clk 00:15:23]} {[%emt 00:01:03]} 27. Re2 {[%clk
00:13:08]} {[%emt 00:01:55]} Qxh2+ {[%clk 00:13:22]} {[%emt 00:02:31]} 28. Qxh2
{[%clk 00:13:29]} {[%emt 00:00:10]} gxh2 {[%clk 00:13:48]} {[%emt 00:00:03]}
29. Ref2 {[%clk 00:13:46]} {[%emt 00:00:13]} Re7 {[%clk 00:14:03]} {[%emt
00:00:15]} 30. Rf8+ {[%clk 00:11:11]} {[%emt 00:03:05]} Kg7 {[%clk 00:14:31]}
31. Ra8 {[%clk 00:11:22]} {[%emt 00:00:19]} a6 {[%clk 00:14:37]} {[%emt
00:00:24]} 32. b3 {[%clk 00:09:58]} {[%emt 00:01:54]} h5 {[%clk 00:08:47]}
{[%emt 00:06:20]} 33. Rff8 {[%clk 00:08:41]} {[%emt 00:01:47]} Kh6 {[%clk
00:08:26]} {[%emt 00:00:51]} 34. Rae8 {[%clk 00:08:29]} {[%emt 00:00:42]} Rxe8
{[%clk 00:07:14]} {[%emt 00:01:43]} 35. Rxe8 {[%clk 00:08:59]} h4 {[%clk
00:07:29]} {[%emt 00:00:15]} 36. b4 {[%clk 00:08:15]} {[%emt 00:01:14]} cxb4
{[%clk 00:00:50]} {[%emt 00:07:09]} 37. c5 {[%clk 00:08:38]} {[%emt 00:00:06]}
Kg7 {[%clk 00:00:40]} {[%emt 00:00:40]} 38. cxd6 {[%clk 00:07:29]} {[%emt
00:01:40]} Bxd6 {[%clk 00:01:03]} {[%emt 00:00:07]} 39. e5 {[%clk 00:07:49]}
{[%emt 00:00:10]} Kf7 {[%clk 00:00:48]} {[%emt 00:00:45]} 40. Rd8 {[%clk
00:07:21]} {[%emt 00:00:58]} Bxe5 {[%clk 00:01:02]} {[%emt 00:00:16]} 41. Rd7+
{[%clk 00:07:36]} {[%emt 00:00:15]} Kf6 {[%clk 00:00:31]} {[%emt 00:01:02]} 42.
Rxb7 {[%clk 00:07:08]} {[%emt 00:00:58]} a5 {[%clk 00:29:36]} {[%emt 00:01:24]}
43. Ra7 {[%clk 00:33:43]} {[%emt 00:03:55]} g5 {[%clk 00:22:26]} {[%emt
00:07:41]} 44. Rxa5 {[%clk 00:32:40]} {[%emt 00:01:33]} h3 {[%clk 00:13:44]}
{[%emt 00:09:12]} 45. Rb5 {[%clk 00:26:55]} {[%emt 00:06:16]} Bd6 {[%clk
00:14:07]} {[%emt 00:00:07]} 46. a3 {[%clk 00:26:40]} {[%emt 00:00:46]} g4
{[%clk 00:08:47]} {[%emt 00:05:50]} 47. Rd5 {[%clk 00:24:00]} {[%emt 00:03:11]}
Ke6 {[%clk 00:01:44]} {[%emt 00:07:33]} 48. Rg5 {[%clk 00:23:54]} {[%emt
00:00:37]} g3 {[%clk 00:02:03]} {[%emt 00:00:11]} 49. Rxg3 {[%clk 00:24:13]}
{[%emt 00:00:11]} 1/2-1/2